| 000 | 00803nam a2200253Ia 4500 | ||
|---|---|---|---|
| 003 | OSt | ||
| 005 | 20220918170242.0 | ||
| 006 | a|||||r|||| 00| 0 | ||
| 007 | ta | ||
| 008 | 220917b |||||||| |||| 00| 0 eng d | ||
| 020 |
_a978 93 86392 7 (hbk) _cINR 850.00 |
||
| 024 | _a328,407 | ||
| 037 |
_b367, 09/03/2018, Classic Book Service _cTextual |
||
| 040 |
_aARTS _cARTS _beng |
||
| 041 |
_2eng _aeng |
||
| 082 | _aV2.J, Q7 | ||
| 100 |
_aBhargava Meena Ed. _927897 |
||
| 245 | 0 |
_aFrontier of environment _b issues in medieval and early modern india |
|
| 260 |
_aHyderabad _bOrient Blackswan India _c2017 |
||
| 300 |
_ax,305p. _ccm. |
||
| 650 | _aINDIA - HISTORY | ||
| 942 |
_hV2.J, Q7 _cTEXL _2CC |
||
| 999 |
_c133255 _d133255 |
||